Pueblo : mountain, village, dance /

Salvato in:
Dettagli Bibliografici
Autore principale: Scully, Vincent Joseph, 1920-
Natura: Libro
Lingua:English
Pubblicazione: Chicago : University of Chicago Press, 1989.
Edizione:2nd ed.
Soggetti:
LEADER 01104nam a2200313 a 4500
001 c000110350
003 CARM
005 00000000000000.0
008 880907s1989 ilua b 00110 eng
010 |a 88029747 //r94 
019 1 |a 6060654  |5 LACONCORD2021 
020 |a 0226743934 (pbk.) :  |c $19.95 
020 |a 0226743926 :  |c $39.95 
035 |a (OCoLC)18557962  |5 LACONCORD2021 
043 |a n-ust-- 
050 0 |a E99.P9  |b S37 1989 
082 0 0 |a 978.9/00497  |2 19 
100 1 |a Scully, Vincent Joseph,  |d 1920- 
245 1 0 |a Pueblo :  |b mountain, village, dance /  |c Vincent Scully. 
250 |a 2nd ed. 
260 |a Chicago :  |b University of Chicago Press,  |c 1989. 
300 |a xvi, 412 p. :  |b ill. ;  |c 23 x 24 cm. 
504 |a Includes bibliographical references and index. 
650 0 |a Pueblo Indians. 
650 0 |a Pueblos. 
650 0 |a Pueblo architecture. 
852 8 |b CARM  |h A2:AE33D1  |i E00020  |p 0015310  |f BK 
999 f f |i 2c8d857e-936d-507c-a7c0-254e4df14f85  |s 313c69f0-ceef-539d-8aee-cc86a71c038a 
952 f f |p Can circulate  |a CAVAL  |b CAVAL  |c CAVAL  |d CARM 1 Store  |e E00020  |f A2:AE33D1  |h Other scheme  |i book  |m 0015310